Statistiques concernant Rap français

Cliquez ici pour prendre le quiz!

Statistiques générales

  • Ce quiz a été pris 320 fois
  • Le résultat moyen est 10 sur 20

Statistiques - réponses

HintRéponse% Correct
Rappeur marseillais notamment connu pour sa productivitéJul
94%
Une juge de l'émission Nouvelle EcoleShay
90%
Un rappeur qui a rempli le Stade de FranceBooba, Ninho, GIMS, Soprano
86%
Un son d'or noir (Kaaris)Bizon, Zoo, Ciroc, MBM, Binks, Je Bibi, Bouchon de liège, Paradis ou enfer, L.E.F, Dès le départ, Pas de remède, 63, bébé, Plus rien,Or noir, Tu me connais, 2 et demi
78%
Un groupe de Nekfeu1995, S-crew, L'Entourage, 5 majeur
73%
Une mixtape de SCHA7, Autobahn
60%
Un featuring sur SOLSAD (Zamdane)Pomme, Josman, Niska, So la lune, Kekra, Sofiane Pamart, Zaho, TIF
59%
La gimmick (signe) de damsoVie
57%
Journaliste connu pour son émission Le CodeMedhi Maïzi
49%
Rappeur connu pour son clash avec booba depuis 2012Rohff
48%
Un membre du 667 autre que freeze corleoneDjango, Zuukou Mayzie, Norsacce Berlusconi, Osirus Jack, Black Jack, Kaki Santana, Odeuxzero, Slim C, Dubble G Kiluavi, Afro S, Sogui, Doc OVG, Congo Bill, Rifa Samb, Savage Martin, Moh Money, Sobek le Zini, Shaka, Ocho Puccino
47%
L'ancien groupe de PLKPanama Bende
46%
Son qui porte le nom d'un joueur de football sur un album de Green MontanaNeymar JR
39%
Rappeur belge faisant parti d'un duo et étant beatmakerJean-Jass
36%
Un son d'Une Main Lave L'Autre (Alpha Wann)Contrex, UMLA, Olive et Tom, Le Piège, Starsky & Hutch, Stupéfiant et Noir, Flamme Olympique, Le Tour, Cascade, Parachute Chanel, Language Crypté, Pour Celles, 1500, Ca va ensemble, La Lumière dans le noir, Fugees, Macro
34%
Un album de josmanJ.000.$; M.A.N; SPLIT; J.0.$; 00$; Matrix; Echec positifs
31%
Album commun de Vald et Heuss l'enfoir*Horizon vertical
23%
Chanteuse collaborant avec le rappeur Dinos sur l'album TaciturneMarie Plassard
21%
Auteur des mixtapes DBSS (Dieu Bénisse Supersound)Sneazzy
19%
L'ancien nom de scène de DinosDinos punchlinovich
6%

Distribution des résultats

Percentile par nombre de réponses

% des personnes avec chaque résultat

Votre développement - résultats

Vous n’avez pas pris ce quiz